MDQL
is popping MORE tags! Check the
thread
!
Quizzes
Events
Quiz Creation
Community
Videos
Private Events
Remove Ads
Sign In
Join for FREE
Feedback
Dark Mode
Quiz Categories
Sports
Geography
Music
Movies
Television
Just For Fun
Miscellaneous
History
Literature
Language
Science
Gaming
Entertainment
Religion
Holiday
For Kids
Quiz Lab
Recent
Popular Today
Quiz Kudos Today
Editor Picks
Curator Picks
Quizzes by...
Day
Popularity
Type
Ratings
Length
Year
Community
Subscriptions
Recent Discussions
Orange Saloon
Badges
Playlists
Quests
Create
Leaderboards
Showdown
Live 5
Trivia Bingo
Activity
Puzzle Library
Sporcle Events
Private Events
Virtual Trivia
Globe League
Become a Host
Pub Owners
SporcleCon
Opinionation
Our Games
Videos
Blog
Mobile Apps
Partnerships
Remove Ads and Go Orange
Feedback
Television
TV Characters
TV Show
Sitcom
Network
Friends
Reality Shows
Cast
South Park
Star Trek
The Simpsons
Doctor Who
Television
TV Characters
TV Show
Sitcom
Network
Friends
Reality Shows
Cast
South Park
Star Trek
The Simpsons
Doctor Who
Random Quiz
Search Sporcle
×
Quiz Lab
Quiz Lab
Television
The Walking Dead
Type in answers that appear in a list
Type in answers that appear in a list
Classic
Best Score? Go Orange.
Walking Dead Actors Stats
Can you name the Walking Dead Actors?
By
PotatoGoneWild2
20m
57 Questions
126 Plays
126 Plays
126 Plays
Comments
Comments
Give Quiz Kudos
Give Quiz Kudos
-
- Ratings
hide this ad
Replay
Link that replays current quiz
Next Quiz
Link to next quiz in quiz playlist
You Got
0%
They Got
Avg Score
39%
Avg Friend Score
Upgrade to see
Score Distribution
Jump to the score distribution portion of the page
Score
0/57
Timer
20:00
0
Plays Today
character
Actor name
% Correct
Rick Grimes
Andrew Lincoln
96%
Carl Grimes
Chandler Riggs
84.9%
Carol Peletier
Melissa McBride
83.3%
Daryl Dixon
Norman Reedus
80.5%
Maggie Greene
Lauren Cohan
79.4%
Glenn Rhee
Steven Yeun
78.6%
Lori Grimes
Sarah Wayne Callies
77%
Beth Greene
Emily Kinney
73%
Hershel Greene
Scott Wilson
72.2%
Andrea
Laurie Holden
66.7%
Shane Walsh
Jon Bernthal
66.7%
Merle Dixon
Michael Rooker
66.4%
Jesus (Paul Rovia)
Tom Payne
65.5%
T-
Dog
IronE Singleton
64.3%
Morgan Jones
Lennie James
63.5%
Tyreese Williams
Chad Coleman
61.1%
Negan
Jeffrey Dean Morgan
60.2%
Michonne
Danai Gurira
57.1%
Governor (Phillip Blake)
David Morrissey
57.1%
Abraham Ford
Michael Cudlitz
57.1%
Sophia Peletier
Madison Lintz
56.3%
Rosita Espinosa
Christian Serratos
54.8%
Eugene Porter
Josh McDermitt
54.8%
Sasha Williams
Sonequa Martin-Green
54%
Tara Chambler
Alanna Masterson
52.4%
Father Gabriel Stokes
Seth Gilliam
50.4%
Jesus
Tom Payne
50.4%
Dale Horvath
Jeffrey DeMunn
48.7%
Amy
Emma Bell
48.4%
character
Actor name
% Correct
Aaron
Ross Marquand
45.1%
Jessie Anderson
Alexandra Breckenridge
31%
Bob Stookey
Lawrence Gilliard Jr
28.3%
Deanna Monroe
Tovah Feldshuh
27.4%
Milton Mamet
Dallas Roberts
25.7%
Lizzie Samuels
Brighton Sharbino
24.8%
Spencer Monroe
Austin Nichols
24.8%
Axel
Lew Temple
24.8%
Noah
Tyler James Williams
23.9%
Gareth
Andrew J West
23%
Dr. Edwin Jenner
Noah Emmerich
22.1%
Dawn Lerner
Christine Woods
19.5%
Mika Samuels
Kyla Kenedy
19.5%
Jim
Andrew Rothenberg
16.8%
Jacqui
Jeryl Prescott
14.2%
Tobin
Jason Douglas
14.2%
Eric Raleigh
Jordan Woods-Robinson
14.2%
Heath
Corey Hawkins
14.2%
Nicholas
Michael Traynor
13.3%
Ed Peletier
Adam Minarovich
12.4%
Aiden Monroe
Daniel Bonjour
12.4%
Paula
Alicia Witt
12.4%
Pete Anderson
Corey Brill
11.5%
Martin
Chris Coy
9.7%
Patricia
Jane McNeill
9.7%
Reg Monroe
Steve Coulter
9.7%
Carter
Ethan Embry
9.7%
Oscar
Vincent M Ward
7.1%
Quiz Playlist
Details
Report
Send in Message
Add To Playlist
Classic:
Type in answers that appear in a list
Last Updated: Feb 17, 2017
Quiz Scoreboard
CHALLENGE
Sign Up to Join the Scoreboard
Show All
Scores
Hide
Comments
May contain spoilers
Recently Published
Holiday 10x10 Sorting Gallery
by lukepisani3
Holiday
15m
Two Season TV Shows II
by 123Four
Television
10m
Image Sorting: Flags VI
by Barbecue
Geography
2m
More to Explore
Quiz From the Vault
Featured Blog Post
14 Easter Pick-up Lines to Find Eggs With
hide this ad
You Might Also Like...
Tags
The Walking Dead
Today's Top Quizzes in Television
Browse Television
hide this ad
Today's Top Quizzes in The Walking Dead
Browse The Walking Dead
Top Contributed Quizzes in Television
1
Survivor Journey Challenge
2
Even More Two Season TV Shows
3
Adjectives in 00s TV Shows
4
Even More Three Season TV Shows
5
One Season TV Shows
6
Survivor Logic Puzzle: Heroes vs. Villains
7
Adjectives in 10s TV Shows
8
More One Season TV Shows
9
One Piece Logic Puzzle
10
Even More One Season TV Shows
Explore More
Trending Topics
Disney
Crossword
Harry Potter
NBA
Kpop
Marvel
Anime
NFL
WWE
Pokémon
Country
The Office
Song
Puzzle
Soccer
hide this ad
More By:
PotatoGoneWild2
Quiz
Plays
Rating
Category
Featured
Created
Walking Dead Quotes
714
4.00
Television
May 23, 2016
Walking Dead Character's Killer
455
1.75
Television
May 19, 2016
Walking Dead Character's last words
329
4.50
Television
May 24, 2016
Walking Dead Characters
214
2.00
Television
May 18, 2016
Walking Dead Actors
126
2.33
Television
May 9, 2016
Go to Creator's Profile
Score Distribution
Quiz Creator Spotlight
PotatoGoneWild2
Follow
Send a Message
Quizzes Created
-
Created Quiz Play Count
-
More By This Creator
Popular Quizzes Today
1
Find the US States - No Outlines Minefield
2
Colored Red Africa Blitz
3
Find the 'City' Movie
4
The Countries of the World
5
Find the US States
6
5x2 Blitz: Bands
7
Find the Countries of Europe - No Outlines Minefield
8
US States
More Television Quizzes
Sorting Squares: Sit-Com 5 Families
Editor's Pick
Trending Quizzes
Colored Red Europe Blitz I
Colored Red Europe Blitz II
Colored Red Africa Blitz II
Colored Red Africa Blitz III
Colored Red Europe Blitz III
Recently Updated
Odd Team Out - Big 4 Players
pecheneg
Quick Pick: 20 Twenties
pecheneg
March Madness Men's Triple Doubles
pecheneg
How Do You Spell That?
pecheneg
Godzilla Movies
pecheneg
Grab Bag: 4-10 Letters
pecheneg
2024 March Madness Bracket
pecheneg
Famous TV Couples
Peacemaker
Champions League XIs: Real Madrid
pecheneg
Largest US Cities 1790-2010
pecheneg
Trending Topics
NBA
Crossword
Disney
Harry Potter
Anime
Kpop
Marvel
The Office
Soccer
Country
Puzzle
Song
Pokémon
NFL
WWE
Your Account Isn't Verified!
In order to create a playlist on Sporcle, you need to verify the email address you used during registration. Go to your
Sporcle Settings
to finish the process.
Report this User
Report this user for behavior that violates our
Community Guidelines
.
Details:
Send Report
Go to the Sporcle.com Mobile Site →
Comments